000 00262nam a22001217a 4500
008 180517b xxu||||| |||| 00| 0 eng d
041 _aeng
080 _a043.3
100 _a0
101 _aARK0BA
245 _aQyteti i Studenteve
_cBeqiri, F
942 _2udc
_cBK
999 _c45874
_d45874